ՀՀ Գիտությունների ազգային ակադեմիայի հիմնարար գիտական գրադարան  =   Fundamental Scientific Library of NAS RA

Могилевская область : (Record no. 520448)

MARC details
000 -LEADER
fixed length control field 00929nam a2200241 a 4500
003 - CONTROL NUMBER IDENTIFIER
control field AM-YEHGA
001 - CONTROL NUMBER
control field 1451716
005 - DATE AND TIME OF LATEST TRANSACTION
control field 20250617164242.0
008 - FIXED-LENGTH DATA ELEMENTS--GENERAL INFORMATION
fixed length control field 190207s1962 bw ab||||r||||000 ||rus|||
040 ## - CATALOGING SOURCE
Original cataloging agency AM-YeHGA
041 0# - LANGUAGE CODE
Language code of text/sound track or separate title rus
090 ## - LOCALLY ASSIGNED LC-TYPE CALL NUMBER (OCLC); LOCAL CALL NUMBER (RLIN)
-- 524019
100 1# - MAIN ENTRY--PERSONAL NAME
Personal name Бородина, Валентина Петровна
245 10 - TITLE STATEMENT
Title Могилевская область :
Remainder of title Географический очерк /
Statement of responsibility, etc. В.П. Бородина.
260 ## - PUBLICATION, DISTRIBUTION, ETC.
Place of publication, distribution, etc. Минск :
Name of publisher, distributor, etc. Изд-во М-ва высш., сред. спец. и проф. образования БССР,
Date of publication, distribution, etc. 1962.
300 ## - PHYSICAL DESCRIPTION
Extent 134 с. :
Other physical details ил., карт. ;
Dimensions 20 см
490 1# - SERIES STATEMENT
Series statement Области БССР
504 ## - BIBLIOGRAPHY, ETC. NOTE
Bibliography, etc. note Библиогр. в конце кн.
650 14 - SUBJECT ADDED ENTRY--TOPICAL TERM
Topical term or geographic name entry element География СССР
651 #4 - SUBJECT ADDED ENTRY--GEOGRAPHIC NAME
Geographic name Могилевская область
General subdivision География
Chronological subdivision Пособия
830 #0 - SERIES ADDED ENTRY--UNIFORM TITLE
Uniform title Области БССР
942 ## - ADDED ENTRY ELEMENTS (KOHA)
Source of classification or shelving scheme Universal Decimal Classification
Koha item type Գրքեր / Books
Holdings
Withdrawn status Lost status Source of classification or shelving scheme Damaged status Not for loan Collection Home library Current library Date acquired Total checkouts Full call number Barcode Date last seen Price effective from Koha item type Public note
    Universal Decimal Classification     General Fundamental Scientific Library Fundamental Scientific Library 08/11/2021   PII/66158 FL0664479 08/11/2021 08/11/2021 Գրքեր / Books 30 Days Loan


ՀՀ ԳԱԱ հիմնարար գիտական գրադարան
ՀՀ,Երևան 0019
Մարշալ Բաղրամյան 24/6
հեռախոս:(374-10) 52-47-50
Հետադարձ կապ

All site content, except where otherwise noted, is licensed under a
Creative Commons License